000 00308nam a22001337a 4500
008 181106b xxu||||| |||| 00| 0 eng d
020 _a9780618382231
041 _aeng
080 _a370
100 _a49
101 _aEDU
245 _aInvesting In Your College Education
_cStewart.K
942 _2udc
_cBK
999 _c51992
_d51992